Musicals by Random Spoken words Quiz Stats

 Plays Quiz not verified by Sporcle

Support Sporcle.
Go Orange.
Score 0/15 Timer 11:00
0 Plays Today
Spoken words in songs Musical % Correct
'if somthing bad is happening to the Animals, someone's got to tell the Wizard. That's why we have a Wizard.'Wicked
87.1%
'But the thing is, you can't use a half-loop stitch on china silk. It'll pucker. And you didn't just get this in because I saw it in last May's 'Vouge'.'Legally Blonde
69.4%
'It's German for 'happiness at the misfortune of others.'' ''happiness at the misfortune of others.' That is German!'Avenue Q
52.6%
'I saw you at the auditions.' 'Well, you're the only one that did, cause they kicked me out on my young, gifted and black behind.' Hairspray
31.9%
'Still you must admit. With the two anatomies. It truly is daunting, I mean how everything will..' 'Measure up?'Spring Awakening
29.3%
'First a story. A little Chrismas story. I call it 'The Story of Schmuel, Taylor of Klimovich.''The Last 5 years
27.2%
'So...you have tasted the fruit.' 'Yes Father. But it's all right! It didn't hurt me after all! And now I can see so clearly. I can see what you see.'Children of Eden
25.9%
'How can I come with you and not fight against my father, unless...unless...oh dear god! Bobby! No!'Urinetown
23.7%
Spoken words in songs Musical % Correct
'To ideate is to form an image or idea, to think.'25th Annual Putnam County Spelling Bee
21.1%
'What did my brother have that I don't have?' 'Do you want the short list or the long?' 'Whatever!'The Lion King
12.9%
'Now listen Eileen, Ohio was stiffling! We just couldn't wait to get out of that place. With mom saying 'what Ruth no date for this evening?''Wonderful Town
12.9%
'You are your own master. There are no shackles on you'Aida
12.5%
'Buzz, who is the one person in the entire world you would most like to see at this moment?!' 'Uh, um, Grandma?'Dirty Rotten Scoundrels
3%
'Now everyone always wants to know if this is really my story. I tell them every fairy tale holds a little truth. And every truth a little fairy tale.'Brooklyn the musical
1.7%
'This man thinks I'm his property. But I am not your property. I'll never have any peace as long as you're around.'See What I Wanna See
1.7%

You're not logged in!

Compare scores with friends on all Sporcle quizzes.
OR
Log In

From the Vault

50 Hits to Click: 2006

by caramba

That moment when you realize 2006 was actually kind of a long time ago.
Remove Ads.
Support Sporcle.
Get the best of Sporcle when you Go Orange. This ad-free experience offers more features, more stats, and more fun while also helping to support Sporcle. Thank you for becoming a member.

Show Comments

Extras

Top Quizzes Today


Score Distribution

Your Account Isn't Verified!

In order to create a playlist on Sporcle, you need to verify the email address you used during registration. Go to your Sporcle Settings to finish the process.

Report this User

Report this user for behavior that violates our Community Guidelines.

Details: